LEADER 01160nam a2200265 i 4500 001 000000139184 003 CaOOAMICUS 005 20050518000000.0 008 050518s1995 it u000 u ita u 013 $a113188 040 $aSeMil$bita 245 10$aPoesia italiana del Novecento /$c; a cura di Ermanno Krumm ; Tiziano Rossi ; prefazione di Mario Luzi. 260 $aMilano :$bSkira,$ccopyr. 1995. 300 $a1213 p., XLVIII c. di tav. ;$c22 cm. 500 $aA pič del front. : Banca Popolare di Milano. - In custodia. - Fondo Card. C.M. Martini. 650 4$aPoesia italiana - Sec. 20. - Antologie.$0(OLS)http://semarc/subject/26217 700 1 $aKrumm, Ermanno.$0(OLS)http://semarc/name/56246 700 1 $aLuzi, Mario,$d<1914-2005>.$0(OLS)http://semarc/name/1555 700 1 $aRossi, Tiziano.$0(OLS)http://semarc/name/56247 850 $aSeMil 852 $aSeMil$W1$xVenegono$y1$m1C V 60$j92622$B92622$CSeMilBibl$Z2$F97826 $81 941 1 $a4 961 $aOmaggio: Martini Card. Carlo Maria 996 $6245$aPoesia italiana del Novecento$9(OLS)http://semarc/title/10615 996 $6260$aMilano :$bSkira$9(OLS)http://semarc/publisher/32219 LEADER 00843nam a2200229 i 4500 001 000000225912 003 CaOOAMICUS 005 20131223000000.0 008 131223s2012 it u000 u ita u 013 $a204814 020 $a978-88-17-05801-8 040 $aSeMil$bita 100 1 $aSocci, Antonio <1959- >.$0(OLS)http://semarc/name/43083 245 12$aI giorni della tempesta /$cAntonio Socci. 260 $aMilano :$bRizzoli,$c2012. 300 $a313 p. ;$c22 cm. 850 $aSeMil 852 $aSeMil$W1$xVenegono$y1$m1A III 19$j176258$B176258$CSeMilBibl$Z2$F187615 $81 961 $aOmaggio: Scanziani don Francesco 996 $6020$a978-88-17-05801-8$9(OLS)http://semarc/number/226959 996 $6245$aI giorni della tempesta$9(OLS)http://semarc/title/323545 996 $6260$aMilano :$bRizzoli$9(OLS)http://semarc/publisher/29824